000 00622nam a2200169 a 4500
008 120416s1994 ||||||||||||||||| || u
020 _a0821329936
050 _aIBRD(08)DP
100 _aThomas, Duncan
245 1 0 _aHow fast is fertility declining in Botswana and Zimbabwe?
260 _aWashington, D. C.
_bWorld Bank
_c1994
300 _ax, 31p. : ill.
350 _a0.00
650 _aFERTILITY HUMAN--BOTSWANA: FERTLITY, HUMAN--ZIMBABWE
700 _aMuvandi, Ityai
995 _D0.00
_FCBU-MAIN LIBRARY (Kitwe)
_H1
_I0.00
_M1
_UAVAILABLE
_ZInternational Publications
999 _c45768
_d45768